IMF survey

Salvato in:
Dettagli Bibliografici
Natura: Periodico
Lingua:inglese
Pubblicazione: Washington International Monetary Fund 1982
Soggetti:
Tags: Aggiungi Tag
Nessun Tag, puoi essere il primo ad aggiungerne!!

MARC

LEADER 00000nas2a22000001 4500
001 s123415
005 20250730114219.1
041 0 |a eng 
044 |a US 
245 1 0 |a IMF survey 
264 1 |a Washington  |b International Monetary Fund  |c 1982 
300 |a 1 zv. 
773 0 |w eu_un_cat*s120209 
610 2 0 |a styk platobný medzinárodný 
610 2 0 |a organizácie medzinárodné